000 00551nam a2200169 4500
999 _c4341
_d4341
008 160905b xxu||||| |||| 00| 0 eng d
022 _a2094-8042
082 _aDPer 370.105 M72 Jan-Dec 2012 v. 60-61
100 _914111
_aPaloma, Epifania N.
243 _aThe modern teacher
245 _aQuezon: an intimate portrait/
_cEpifania N. Paloma.
260 _aPhilippines:
_bIn the Grade School, Inc.,
_c©2012.
300 _apages 88-89;
_c28 cm.
500 _aThe Modern Teacher.
650 0 _914112
_aPresidents
_zPhilippines
942 _2ddc
_cPER